How do we help? the free market in development aid /
Kaydedildi:
| Yazar: | |
|---|---|
| Müşterek Yazar: | |
| Diğer Yazarlar: | , |
| Materyal Türü: | Elektronik Ekitap |
| Dil: | İngilizce |
| Baskı/Yayın Bilgisi: |
Leuven :
Universitaire Pers Leuven,
c2012.
|
| Konular: | |
| Online Erişim: | An electronic book accessible through the World Wide Web; click to view |
| Etiketler: |
Etiket eklenmemiş, İlk siz ekleyin!
|
MARC
| LEADER | 00000nam a2200000 a 4500 | ||
|---|---|---|---|
| 001 | 0000158259 | ||
| 005 | 20171002062814.0 | ||
| 006 | m u | ||
| 007 | cr cn||||||||| | ||
| 008 | 120316s2012 be d sb 000 0 eng d | ||
| 010 | |z 2012387535 | ||
| 020 | |z 9789058679024 | ||
| 035 | |a (CaPaEBR)ebr10613436 | ||
| 035 | |a (OCoLC)813930568 | ||
| 040 | |a CaPaEBR |c CaPaEBR | ||
| 050 | 1 | 4 | |a HC60 |b .D48 2012eb |
| 100 | 1 | |a Develtere, Patrick. | |
| 245 | 1 | 0 | |a How do we help? |h [electronic resource] : |b the free market in development aid / |c Patrick Develtere, in collaboration with Huib Huyse and Jan Van Ongevalle. |
| 260 | |a Leuven : |b Universitaire Pers Leuven, |c c2012. | ||
| 300 | |a 266 p. : |b ill. | ||
| 504 | |a Includes bibliographical references. | ||
| 533 | |a Electronic reproduction. |b Palo Alto, Calif. : |c ebrary, |d 2011. |n Available via World Wide Web. |n Access may be limited to ebrary affiliated libraries. | ||
| 650 | 0 | |a Economic assistance. | |
| 655 | 7 | |a Electronic books. |2 local | |
| 700 | 1 | |a Huyse, Huib. | |
| 700 | 1 | |a Ongevalle, Jan Van. | |
| 710 | 2 | |a ebrary, Inc. | |
| 856 | 4 | 0 | |u http://site.ebrary.com/lib/daystar/Doc?id=10613436 |z An electronic book accessible through the World Wide Web; click to view |
| 908 | |a 170314 | ||
| 942 | 0 | 0 | |c EB |
| 999 | |c 147406 |d 147406 | ||